Normal view
MARC view
- Marine animals.
Entry Topical Term
001 - CONTROL NUMBER
- control field: 5492
003 - CONTROL NUMBER IDENTIFIER
- control field: NUST
005 - DATE AND TIME OF LATEST TRANSACTION
- control field: 20171017113402.0
008 - FIXED-LENGTH DATA ELEMENTS
- fixed length control field: 171017|| aca||aabn | a|a d
040 ## - CATALOGING SOURCE
- Original cataloging agency: NUST
- Transcribing agency: NUST
150 ## - HEADING--TOPICAL TERM
- Topical term or geographic name entry element: Marine animals.
670 ## - SOURCE DATA FOUND
- Source citation: Work cat.: (NUST)0: Wells, Martin John. 5491, Civilization and the limpet /, 1998.
